000 01301cam a22002651 4500
001 gs 56000098
003 DLC
005 20260227111403.0
008 861010s1953 at b b 000 0 eng c
010 _ags 56000098
035 _a(OCoLC)14374976
040 _aU.S. Geol. Survey Libr.
_cKWiU
_dDLC
042 _apremarc
050 0 0 _aQE340
_b.A392 no. 14
100 1 _aWood, Francis Waverly,
_d1905-
245 1 2 _aA provisional isogonic map of Australia and New Guinea, showing predicted values for the epoch 1955-5,
_cby F. W. Wood and I. B. Everingham.
260 _a[Melbourne]
_c1953.
300 _ai, 6 p.
_bfold. map.
_c25 cm.
410 1 0 _aAustralia.
_bBureau of Mineral Resources, Geology and Geophysics.
_tReport
_vno. 14
501 _aWith : Progress report on the stratigraphy and structure of the Carnarvon Basin, Western Australia - - Seismic reflection survey at Roma, Queensland - - Mount Philp iron deposit, Cloncurry District, Queensland - - Seismic reflection survey. Melbourne : Australia. Bureau of Mineral Resources, Geology and Geophysics, 1954-1956. Bound together subsequent to publication.
_5DLC
504 _a"References": p. 6.
650 0 _aMagnetic measurements.
700 1 _aEveringham, I. B.
_ejoint author.
740 0 _aIsogonic map of Australia and New Guinea.
999 _c29033
_d29033